[Event "FICGS rapid C 000202 email"]
[Site "FICGS email"]
[Date "2019.02.08"]
[Round "1"]
[White "Fioravanti, Diego"]
[Black "Nurcahyo, Dery"]
[Result "1-0"]
[WhiteElo "1827"]
[BlackElo "1594"]
[PlyCount "31"]
[EventDate "2019.??.??"]
[EventType "tourn (rapid)"]
[EventRounds "4"]
[SourceTitle "Corr 2022"]
[Source "ChessBase"]
[SourceDate "2021.10.24"]
[SourceVersion "1"]
[SourceVersionDate "2021.10.24"]
[SourceQuality "1"]

1. e4 e5 2. Nf3 Bd6 3. Bc4 Qe7 4. 0-0 h6 5. Nc3 Nf6 6. Re1 c6 7. a4 a5 8. d4 Nh7 9. Be3 exd4 10. Nxd4 0-0 11. Nf5 Bxh2+ 12. Kxh2 Qb4 13. Qg4 g5 14. Nxh6+ Kg7 15. Nf5+ Kg6 16. Qh3 1-0

[Event "FICGS rapid C 000191 email"]
[Site "FICGS email"]
[Date "2018.10.16"]
[Round "1"]
[White "Gabriel, Luan"]
[Black "Fioravanti, Diego"]
[Result "1-0"]
[WhiteElo "1700"]
[BlackElo "1751"]
[PlyCount "71"]
[EventDate "2018.??.??"]
[EventType "tourn (rapid)"]
[EventRounds "4"]
[SourceTitle "Corr 2022"]
[Source "ChessBase"]
[SourceDate "2021.10.24"]
[SourceVersion "1"]
[SourceVersionDate "2021.10.24"]
[SourceQuality "1"]

1. c4 c5 2. Nf3 Nf6 3. Nc3 d5 4. cxd5 Nxd5 5. d4 Nxc3 6. bxc3 g6 7. e4 Bg7 8. Rb1 0-0 9. Be2 Nc6 10. d5 Ne5 11. Nxe5 Bxe5 12. Qd2 Bg7 13. 0-0 Qc7 14. f4 f6 15. Qd3 Bd7 16. f5 b5 17. Bf4 Qb6 18. c4 b4 19. h4 a5 20. g4 Ra6 21. Qe3 g5 22. Bg3 h6 23. hxg5 hxg5 24. Kg2 Raa8 25. e5 fxe5 26. Qxg5 Qf6 27. Qe3 Qd6 28. Bd3 Kf7 29. Rbe1 a4 30. f6 exf6 31. Bxe5 Qe7 32. Qe4 Ke8 33. Qg6+ Rf7 34. Bd6 Bf8 35. Bxe7 Bxe7 36. Rxf6 1-0

[Event "FICGS rapid C 000188 email"]
[Site "FICGS email"]
[Date "2018.09.27"]
[Round "1"]
[White "Csoma, Robert"]
[Black "Fioravanti, Diego"]
[Result "0-1"]
[WhiteElo "1655"]
[BlackElo "1751"]
[PlyCount "46"]
[EventDate "2018.??.??"]
[EventType "tourn (rapid)"]
[EventRounds "4"]
[SourceTitle "Corr 2022"]
[Source "ChessBase"]
[SourceDate "2021.10.24"]
[SourceVersion "1"]
[SourceVersionDate "2021.10.24"]
[SourceQuality "1"]

1. Nf3 Nc6 2. d4 d5 3. Bf4 Nf6 4. Nc3 e6 5. a3 Bd6 6. Qd2 0-0 7. 0-0-0 Ne7 8. Bg5 Ne4 9. Nxe4 dxe4 10. Ng1 f6 11. Bh4 b5 12. e3 Rb8 13. Ne2 b4 14. axb4 Bxb4 15. c3 Bd6 16. Bg3 Bd7 17. Bxd6 cxd6 18. Ng3 Qa5 19. Kb1 Ba4 20. b4 Bxd1 21. Qxd1 Rxb4+ 22. cxb4 Qxb4+ 23. Ka2 Rb8 0-1

[Event "FICGS rapid C 000188 email"]
[Site "FICGS email"]
[Date "2018.09.27"]
[Round "1"]
[White "Fioravanti, Diego"]
[Black "Bouchard, Carl Felix"]
[Result "1-0"]
[WhiteElo "1751"]
[BlackElo "1502"]
[PlyCount "41"]
[EventDate "2018.??.??"]
[EventType "tourn (rapid)"]
[EventRounds "4"]
[SourceTitle "Corr 2022"]
[Source "ChessBase"]
[SourceDate "2021.10.24"]
[SourceVersion "1"]
[SourceVersionDate "2021.10.24"]
[SourceQuality "1"]

1. d4 Nf6 2. c4 e6 3. Nc3 g6 4. e4 d5 5. e5 Ne4 6. Nxe4 dxe4 7. Ne2 Bg7 8. Nc3 0-0 9. Nxe4 b6 10. Bg5 f6 11. exf6 Bxf6 12. Nxf6+ Rxf6 13. Bxf6 Qxf6 14. Be2 Bb7 15. 0-0 Nd7 16. Bf3 Bxf3 17. Qxf3 Rf8 18. Qxf6 Rxf6 19. Rad1 c6 20. Rfe1 Kf7 21. Re3 1-0

[Event "FICGS rapid C 000124 email"]
[Site "FICGS email"]
[Date "2015.04.14"]
[Round "1"]
[White "Cirulis, Ilmars"]
[Black "Fioravanti, Diego"]
[Result "0-1"]
[WhiteElo "1675"]
[BlackElo "1655"]
[PlyCount "62"]
[EventDate "2015.??.??"]
[EventType "tourn (rapid)"]
[EventRounds "4"]
[SourceTitle "Corr 2022"]
[Source "ChessBase"]
[SourceDate "2021.10.24"]
[SourceVersion "1"]
[SourceVersionDate "2021.10.24"]
[SourceQuality "1"]

1. a3 g6 2. e4 c5 3. b4 Bg7 4. Nc3 d6 5. Nf3 Nc6 6. Rb1 Nf6 7. bxc5 dxc5 8. Bb5 0-0 9. Bxc6 bxc6 10. 0-0 Qa5 11. Re1 Ba6 12. e5 Nd5 13. Ne4 c4 14. d3 Rab8 15. Rxb8 Rxb8 16. d4 c3 17. Nc5 Bc4 18. h4 Rb1 19. Ng5 h6 20. Nge4 Nf4 21. Kh2 Be2 22. Rxe2 Nxe2 23. Qxe2 Rxc1 24. Nb3 Qxa3 25. Nxc1 Qxc1 26. g3 a5 27. Nxc3 Qb2 28. Qd3 e6 29. Kg2 Qb4 30. Na2 Qb7 31. Qb3 Qa8 0-1

[Event "FICGS rapid C 000124 email"]
[Site "FICGS email"]
[Date "2015.04.14"]
[Round "1"]
[White "Klawitter, Bernd"]
[Black "Fioravanti, Diego"]
[Result "0-1"]
[WhiteElo "1604"]
[BlackElo "1655"]
[PlyCount "52"]
[EventDate "2015.??.??"]
[EventType "tourn (rapid)"]
[EventRounds "4"]
[SourceTitle "Corr 2022"]
[Source "ChessBase"]
[SourceDate "2021.10.24"]
[SourceVersion "1"]
[SourceVersionDate "2021.10.24"]
[SourceQuality "1"]

1. e4 c5 2. c3 Nf6 3. e5 Nd5 4. d4 cxd4 5. cxd4 d6 6. Bc4 Nb6 7. Bb3 dxe5 8. dxe5 Qxd1+ 9. Bxd1 Nc6 10. Nf3 g6 11. 0-0 Bg7 12. Re1 Nb4 13. Na3 Nd3 14. Re4 Bf5 15. Rd4 0-0 16. g4 Nxe5 17. Nxe5 Bxe5 18. gxf5 Bxd4 19. Nb5 Be5 20. f4 Bf6 21. fxg6 hxg6 22. Bf3 Rfd8 23. Rb1 Rac8 24. Bxb7 Rd1+ 25. Kg2 Rcxc1 26. Rxc1 Rxc1 0-1

[Event "FICGS rapid C 000121 email"]
[Site "FICGS email"]
[Date "2014.11.03"]
[Round "1"]
[White "Fioravanti, Diego"]
[Black "Faust, Dieter"]
[Result "0-1"]
[WhiteElo "1591"]
[BlackElo "1662"]
[PlyCount "80"]
[EventDate "2014.??.??"]
[EventType "tourn (rapid)"]
[EventRounds "4"]
[SourceTitle "Corr 2022"]
[Source "ChessBase"]
[SourceDate "2021.10.24"]
[SourceVersion "1"]
[SourceVersionDate "2021.10.24"]
[SourceQuality "1"]

1. d4 d5 2. e4 dxe4 3. f3 e5 4. dxe5 Qxd1+ 5. Kxd1 Nc6 6. Bb5 Nge7 7. Nc3 Be6 8. Nxe4 0-0-0+ 9. Ke1 Nxe5 10. Ne2 c6 11. Ba4 f5 12. N4c3 Nd5 13. Bb3 Bc5 14. Bg5 Rd7 15. Nxd5 Bxd5 16. Bxd5 cxd5 17. Rd1 d4 18. Nc1 Re8 19. Kf1 h6 20. Bf4 Nc4 21. Nd3 Bd6 22. Bc1 Rc7 23. Re1 Ne5 24. f4 Nxd3 25. Rxe8+ Kd7 26. cxd3 Kxe8 27. Kf2 Rc2+ 28. Kf3 h5 29. Re1+ Kd7 30. h4 a5 31. a3 a4 32. Rf1 b5 33. g3 b4 34. Rd1 bxa3 35. bxa3 Ra2 36. Bd2 Rxa3 37. Ke2 Rb3 38. Ra1 a3 39. Bc1 Kc6 40. Ra2 Kb5 0-1

[Event "ITA-ch sf 72nd"]
[Site "Civitanova Marche"]
[Date "2012.07.21"]
[Round "8"]
[White "Astengo, Marcello"]
[Black "Fioravanti, Diego"]
[Result "1-0"]
[WhiteElo "2033"]
[BlackElo "2117"]
[PlyCount "61"]
[EventDate "2012.07.15"]
[EventType "swiss"]
[EventRounds "9"]
[EventCountry "ITA"]
[SourceTitle "EXT 2013"]
[Source "ChessBase"]
[SourceDate "2012.11.22"]
[SourceVersion "1"]
[SourceVersionDate "2012.11.22"]
[SourceQuality "1"]

1. d4 d5 2. c4 e6 3. Nc3 Nf6 4. cxd5 exd5 5. Bg5 Be7 6. e3 c6 7. Qc2 0-0 8. Bd3 h6 9. Bh4 Nbd7 10. Nge2 Re8 11. Bg3 Nf8 12. 0-0 Bd6 13. Bxd6 Qxd6 14. Qd2 Ng4 15. Ng3 h5 16. h3 Nxe3 17. Rfe1 h4 18. Nh5 Nc4 19. Qg5 Rxe1+ 20. Rxe1 Qh6 21. Qxh4 g5 22. Qg3 Qxh5 23. Re8 Qh4 24. Qc7 Qf4 25. Qe7 Qc1+ 26. Bf1 Be6 27. Qxf8+ Kh7 28. Rxa8 Qd2 29. Qh8+ Kg6 30. Rg8+ Kf5 31. Qe5+ 1-0

[Event "ITA-ch sf 72nd"]
[Site "Civitanova Marche"]
[Date "2012.07.17"]
[Round "4"]
[White "Bonafede, Alessandro"]
[Black "Fioravanti, Diego"]
[Result "1/2-1/2"]
[WhiteElo "2351"]
[BlackElo "2117"]
[PlyCount "131"]
[EventDate "2012.07.15"]
[EventType "swiss"]
[EventRounds "9"]
[EventCountry "ITA"]
[SourceTitle "EXT 2013"]
[Source "ChessBase"]
[SourceDate "2012.11.22"]
[SourceVersion "1"]
[SourceVersionDate "2012.11.22"]
[SourceQuality "1"]

1. e4 c5 2. Nf3 d6 3. d4 cxd4 4. Qxd4 Nc6 5. Bb5 Bd7 6. Bxc6 Bxc6 7. Nc3 e5 8. Qd3 Be7 9. Bd2 f5 10. exf5 Nf6 11. Ng5 Bd7 12. Nge4 Bc6 13. Nxf6+ Bxf6 14. Nd5 Qd7 15. 0-0-0 0-0 16. Be3 Kh8 17. Qe4 Rac8 18. Kb1 b5 19. h4 Bxd5 20. Rxd5 Rc4 21. Qd3 e4 22. Qb3 Rfc8 23. Rc1 b4 24. Bg5 Be5 25. Rxe5 dxe5 26. f6 h6 27. fxg7+ Kxg7 28. Be3 a5 29. a4 bxa3 30. Qxa3 Ra4 31. Qb3 Rb4 32. Qa3 Rcb8 33. Qc3 Rxb2+ 34. Qxb2 Rxb2+ 35. Kxb2 Qb5+ 36. Ka2 Qa4+ 37. Kb2 Qb4+ 38. Ka2 Qc3 39. Kb1 a4 40. Rd1 a3 41. Rd7+ Kf6 42. Rb7 a2+ 43. Kxa2 Qxc2+ 44. Ka3 h5 45. Rb6+ Kf7 46. Kb4 Ke7 47. g3 Kd7 48. Rh6 Qd1 49. Kc5 Ke7 50. Kc6 Qd7+ 51. Kb6 Qd8+ 52. Kb5 Qd3+ 53. Kc5 Qd1 54. Rc6 Qd3 55. Kb6 Qd8+ 56. Kb7 Qd5 57. Kb6 Qd8+ 58. Kc5 Qd3 59. Rc7+ Ke6 60. Rc6+ Ke7 61. Rb6 Qd1 62. Bg5+ Kd7 63. Be3 Ke7 64. Rh6 Kd7 65. Rh7+ Ke6 66. Rh6+ 1/2-1/2

[Event "Civitanova Marche Region-ch"]
[Site "Civitanova Marche"]
[Date "2011.05.15"]
[Round "4"]
[White "Fioravanti, Diego"]
[Black "Sagripanti, Michele"]
[Result "0-1"]
[WhiteElo "2139"]
[BlackElo "1947"]
[PlyCount "172"]
[EventDate "2011.05.13"]
[EventType "swiss"]
[EventRounds "5"]
[EventCountry "ITA"]
[SourceTitle "EXT 2024"]
[Source "ChessBase"]
[SourceDate "2023.10.10"]
[SourceVersion "1"]
[SourceVersionDate "2023.10.10"]
[SourceQuality "1"]

1. e4 e6 2. b3 d5 3. Bb2 dxe4 4. Nc3 Nd7 5. Nxe4 Ngf6 6. Ng3 b6 7. Be2 Bd6 8. Bf3 Rb8 9. Qe2 Qe7 10. 0-0-0 a5 11. Bc6 0-0 12. Nf3 Nc5 13. d4 Ba6 14. Bb5 Bxb5 15. Qxb5 Ncd7 16. Rhe1 a4 17. Ne5 Ra8 18. Nc6 Qe8 19. b4 a3 20. Ba1 Nb8 21. d5 Nxd5 22. Rxd5 Qxc6 23. Rh5 Bf4+ 24. Kb1 Ra4 25. Ne4 Qxb5 26. Rxb5 Nc6 27. g3 Na7 28. Nc3 Nxb5 29. Nxa4 Bd2 30. Re5 c6 31. c4 Nd6 32. Nxb6 Bxb4 33. Kc2 Rb8 34. Nd7 Rd8 35. Kb3 Bd2 36. Nb6 Rb8 37. c5 Nb5 38. Kc2 Rd8 39. Nc4 Bh6 40. f4 g6 41. Re3 Bf8 42. Ne5 Rd5 43. Ng4 Rxc5+ 44. Kb3 Bg7 45. Nf6+ Bxf6 46. Bxf6 Kf8 47. Kb4 Rd5 48. Ka5 Ke8 49. Kb6 Kd7 50. g4 Nd6 51. Rh3 Nc4+ 52. Ka6 Ra5+ 53. Kb7 Nd6+ 54. Kb6 Rb5+ 55. Ka6 Rb8 56. Be5 Ra8+ 57. Kb6 Nc4+ 58. Kb7 Ra5 59. Rxh7 Rb5+ 60. Ka6 Nxe5 61. fxe5 Rxe5 62. Rxf7+ Kd6 63. Rf3 Re2 64. Rxa3 Rxh2 65. Kb7 Rb2+ 66. Kc8 Rb4 67. g5 Rb5 68. Rd3+ Rd5 69. Rg3 e5 70. a4 e4 71. Re3 Ke5 72. Kc7 Ra5 73. Ra3 Kf4 74. Kb6 Rxg5 75. a5 Rxa5 76. Kxa5 e3 77. Kb4 e2 78. Ra1 Ke3 79. Kc3 g5 80. Rc1 g4 81. Ra1 g3 82. Rc1 g2 83. Ra1 c5 84. Kc2 c4 85. Rc1 Kf2 86. Kd2 c3+ 0-1

[Event "FICGS W-ch st1 g02 email"]
[Site "FICGS email"]
[Date "2008.07.08"]
[Round "1"]
[White "Fioravanti, Diego"]
[Black "Wilson, Norman"]
[Result "0-1"]
[WhiteElo "1810"]
[BlackElo "1806"]
[PlyCount "38"]
[EventDate "2008.??.??"]
[EventType "tourn (corr)"]
[EventRounds "8"]
[SourceTitle "Corr 2022"]
[Source "ChessBase"]
[SourceDate "2021.10.24"]
[SourceVersion "1"]
[SourceVersionDate "2021.10.24"]
[SourceQuality "1"]

1. Nc3 d5 2. d4 Bf5 3. Bf4 e6 4. e3 Bd6 5. Nge2 Nc6 6. a3 Nf6 7. Bxd6 Qxd6 8. Ng3 Bg6 9. Bd3 0-0-0 10. f4 Ne7 11. 0-0 h5 12. Nb5 Qb6 13. a4 Bxd3 14. cxd3 h4 15. Ne2 h3 16. g3 Nf5 17. Qd2 Ng4 18. Rf3 a6 19. Nbc3 Qb4 0-1

[Event "FICGS W-ch st1 g02 email"]
[Site "FICGS email"]
[Date "2008.07.08"]
[Round "1"]
[White "Kepinski, Janusz"]
[Black "Fioravanti, Diego"]
[Result "1/2-1/2"]
[WhiteElo "1657"]
[BlackElo "1810"]
[PlyCount "32"]
[EventDate "2008.??.??"]
[EventType "tourn (corr)"]
[EventRounds "8"]
[SourceTitle "Corr 2022"]
[Source "ChessBase"]
[SourceDate "2021.10.24"]
[SourceVersion "1"]
[SourceVersionDate "2021.10.24"]
[SourceQuality "1"]

1. d4 d5 2. c4 dxc4 3. e3 e5 4. Bxc4 exd4 5. exd4 Bd6 6. Nf3 Nf6 7. 0-0 0-0 8. Bg5 Bg4 9. Nc3 Nbd7 10. h3 Bh5 11. Re1 h6 12. Bh4 c6 13. Ne4 Be7 14. Qd3 Nb6 15. Rac1 Nxc4 16. Rxc4 Bg6 1/2-1/2

[Event "FICGS W-ch st1 g02 email"]
[Site "FICGS email"]
[Date "2008.07.08"]
[Round "1"]
[White "Wolf, Bernd"]
[Black "Fioravanti, Diego"]
[Result "1-0"]
[WhiteElo "1400"]
[BlackElo "1810"]
[PlyCount "27"]
[EventDate "2008.??.??"]
[EventType "tourn (corr)"]
[EventRounds "8"]
[SourceTitle "Corr 2022"]
[Source "ChessBase"]
[SourceDate "2021.10.24"]
[SourceVersion "1"]
[SourceVersionDate "2021.10.24"]
[SourceQuality "1"]

1. f4 e5 2. e4 exf4 3. Nf3 d5 4. exd5 Nf6 5. Bc4 Nxd5 6. 0-0 Be6 7. Qe2 Be7 8. d4 0-0 9. Nc3 Nxc3 10. bxc3 Bxc4 11. Qxc4 Bd6 12. Ne5 Bxe5 13. dxe5 g5 14. h4 1-0

[Event "FICGS rapid C 000054 email"]
[Site "FICGS email"]
[Date "2008.07.02"]
[Round "1"]
[White "Cirulis, Ilmars"]
[Black "Fioravanti, Diego"]
[Result "1/2-1/2"]
[WhiteElo "1632"]
[BlackElo "1810"]
[PlyCount "29"]
[EventDate "2008.??.??"]
[EventType "tourn (rapid)"]
[EventRounds "4"]
[SourceTitle "Corr 2022"]
[Source "ChessBase"]
[SourceDate "2021.10.24"]
[SourceVersion "1"]
[SourceVersionDate "2021.10.24"]
[SourceQuality "1"]

1. d4 Nf6 2. c4 c5 3. d5 b5 4. cxb5 a6 5. e3 axb5 6. Bxb5 Qa5+ 7. Nc3 Bb7 8. Bd2 Qb6 9. Nf3 Nxd5 10. Qb3 e6 11. 0-0 Be7 12. Nxd5 Bxd5 13. Bc4 Qxb3 14. axb3 Rxa1 15. Rxa1 1/2-1/2

[Event "FICGS class D 000092 email"]
[Site "FICGS email"]
[Date "2008.06.29"]
[Round "1"]
[White "Fioravanti, Diego"]
[Black "Laine, Jari"]
[Result "1/2-1/2"]
[WhiteElo "1699"]
[BlackElo "1724"]
[PlyCount "21"]
[EventDate "2008.??.??"]
[EventType "tourn (corr)"]
[EventRounds "6"]
[SourceTitle "Corr 2022"]
[Source "ChessBase"]
[SourceDate "2021.10.24"]
[SourceVersion "1"]
[SourceVersionDate "2021.10.24"]
[SourceQuality "1"]

1. c4 f5 2. Nc3 Nf6 3. d4 g6 4. g3 Bg7 5. Bg2 0-0 6. Nh3 d6 7. 0-0 Nc6 8. d5 Ne5 9. Qb3 Nfd7 10. Na4 Nf6 11. Bg5 1/2-1/2

[Event "FICGS class D 000085 email"]
[Site "FICGS email"]
[Date "2008.04.14"]
[Round "1"]
[White "Fioravanti, Diego"]
[Black "Denchev, Stanimir"]
[Result "1/2-1/2"]
[WhiteElo "1569"]
[BlackElo "1650"]
[PlyCount "45"]
[EventDate "2008.??.??"]
[EventType "tourn (corr)"]
[EventRounds "6"]
[SourceTitle "Corr 2022"]
[Source "ChessBase"]
[SourceDate "2021.10.24"]
[SourceVersion "1"]
[SourceVersionDate "2021.10.24"]
[SourceQuality "1"]

1. c4 c6 2. g3 g6 3. Bg2 Bg7 4. d4 d5 5. cxd5 cxd5 6. Nc3 Nf6 7. e3 0-0 8. Nge2 e6 9. 0-0 Nc6 10. Bd2 Ne8 11. Rc1 Nd6 12. Na4 Bd7 13. Nc5 b6 14. Nd3 Rc8 15. Nc3 Rc7 16. f4 Bc8 17. Ne5 Ba6 18. Nxd5 exd5 19. Nxc6 Rxc6 20. Rxc6 Bxf1 21. Kxf1 Nc4 22. Kf2 Nxb2 23. Qb3 1/2-1/2

[Event "FICGS class D 000085 email"]
[Site "FICGS email"]
[Date "2008.04.14"]
[Round "1"]
[White "Fioravanti, Diego"]
[Black "Kepinski, Janusz"]
[Result "1-0"]
[WhiteElo "1569"]
[BlackElo "1575"]
[PlyCount "51"]
[EventDate "2008.??.??"]
[EventType "tourn (corr)"]
[EventRounds "6"]
[SourceTitle "Corr 2022"]
[Source "ChessBase"]
[SourceDate "2021.10.24"]
[SourceVersion "1"]
[SourceVersionDate "2021.10.24"]
[SourceQuality "1"]

1. Nc3 e5 2. e4 Nf6 3. g3 Bc5 4. Bg2 Nc6 5. Nge2 a6 6. 0-0 0-0 7. d3 d5 8. Nxd5 Nxd5 9. exd5 Nb4 10. Nc3 Bd4 11. Re1 f6 12. Bd2 Qd7 13. a3 Nxd5 14. Bxd5+ Kh8 15. Bg2 Rb8 16. Be3 b6 17. Bxd4 Qxd4 18. Re4 Qd7 19. Qh5 c5 20. Rae1 h6 21. Qg6 Qd6 22. Rxe5 Bd7 23. Re7 Rg8 24. Be4 f5 25. Qxd6 fxe4 26. Qxd7 1-0